Obálka Náhled e-knihy:
PDF Epub
Pro půjčování e-knih musíte být přihlášeni.
Jak si půjčit online?

Poklad gnómů /

Svět je zázračné místo. Zvlášť pro ty, kterým ukázal záda. Když vás odtud vykážou na oběžnou dráhu, do limbu nebo rovnou do nebytí, najednou vám ten starý všivý prohnilý svět, plný korupce a pošahaných magorů bude připadat jako to nejúžasnější místo pod sluncem. A uděláte cokoliv, abyste se tam mohl...

Celý popis

Uloženo v:
Série:Kladivo na čaroděje II, část 2
Hlavní autor: Nečas, Ondřej S. (Autor)
Médium: E-kniha
Jazyk:Czech
Vydáno: Praha : Nakladatelství Epocha s.r.o., 2025
Příbuzné jednotky:Z cyklu:: Kladivo na čaroděje II
Tagy:
Žádné tagy
LEADER 02477nam a22002417i 4500
001 312655
007 ta
008 260601s2025 xr ||||| |||| 00| 0 cze d
020 |a 9788027802272 
044 |a xr 
100 1 |a  Nečas, Ondřej S.  |4 aut 
245 1 0 |a Poklad gnómů /  |c  Nečas, Ondřej S. 
264 1 |a Praha :  |b Nakladatelství Epocha s.r.o.,  |c 2025 
300 |a 1 online zdroj (280 stran) 
336 |a text  |b txt  |2 rdacontent 
337 |a bez média  |b n  |2 rdamedia 
338 |a online zdroj  |b cr  |2 rdacarrier 
520 2 |a Svět je zázračné místo. Zvlášť pro ty, kterým ukázal záda. Když vás odtud vykážou na oběžnou dráhu, do limbu nebo rovnou do nebytí, najednou vám ten starý všivý prohnilý svět, plný korupce a pošahaných magorů bude připadat jako to nejúžasnější místo pod sluncem. A uděláte cokoliv, abyste se tam mohli vrátit. Svět je zázračné místo, protože magie se vrátila. A vrátil se i Felix Jonáš, jenomže jak to tak vypadá, jeho bývalý tým už o něj příliš nestojí. To ale není nic, s čím by si neporadil! Je zpátky a plný odhodlání napravit staré chyby. A nadělat spoustu nových. Vincenc je mrtvý a začíná mít neodbytný pocit, že záhrobí není místo pro něj. Jenomže vstát z mrtvých, to není jen tak, dokonce i pro Vincence. Taková věc vyžaduje odhodlání a oběti. S tím však Vincenc nikdy neměl problém. I Klaudie se vrací, do světa střízlivosti a předstírané normálnosti. Je z ní dvojitá agentka, a to jednomu zamíchá prioritami. A Walter? Ten si hledí své kariéry a jediné, po čem opravdu netouží, je pomáhat po Felixově boku dámám v nesnázích. Co ale mohl čekat? Svět je zázračné místo a jako takový nyní poskytuje rejdiště nové, divoké magii. Z hlubin země se navracejí vzpomínky na dávné bytosti a jejich poklady. Poklady mimořádné ceny, které by každý chtěl. Poklady gnómů... 
787 0 8 |g 2  |i Z cyklu:  |t Kladivo na čaroděje II 
910 |a RBIT002 
998 |d 417613  |a https://core.palmknihy.cz/api/books/417613/cover?ssjq7e  |b https://core.palmknihy.cz/api/books/417613/cover/400?ssjq7e  |c https://core.palmknihy.cz/api/books/417613/cover/50?ssjq7e  |e 2030-03-03  |g 280  |i 9788027802272  |j https://core.palmknihy.cz/api/books/417613/preview.epub  |k https://core.palmknihy.cz/api/books/417613/preview.pdf  |l   |q 49  |r 1  |s https://www.palmknihy.cz/kniha/417613  |t ebook  |y 2025  |z 1  |v Kladivo na čaroděje II  |w 2 
999 |d 312653